Familia, mercado y estado: servicios de cuidado para los ancianos en Brasil /

Furkejuvvon:
Bibliográfalaš dieđut
Váldodahkki: Ventura-Dias, Vivianne
Materiálatiipa: Texto
Fáddágilkorat: Lasit fáddágilkoriid
Eai fáddágilkorat, Lasit vuosttaš fáddágilkora!

MARC

LEADER 00000 a a2200000 04500
001 48770
003
040
100 |a Ventura-Dias, Vivianne  
245 |a Familia, mercado y estado:   |b servicios de cuidado para los ancianos en Brasil /  |c Vivianne Ventura-Dias  
773 |a número256, (2015), páginas 114-126  
999 |c 36955  |d 36955